Proizvoditel'nost' truda i faktory jeje rosta

Gespeichert in:
Bibliographische Detailangaben
Format: Buch
Sprache:Russisch
Veröffentlicht: Minsk Nauka i technika 1982
Tags: Tag hinzufügen
Keine Tags, Fügen Sie das erste Tag hinzu!

MARC

LEADER 00000nam a2200000 4500
001 c131550
005 20250722095034.6
041 0 |a rus 
044 |a BY 
245 1 0 |a Proizvoditel'nost' truda i faktory jeje rosta  |c Red. F.I. Glickij 
264 1 |a Minsk  |b Nauka i technika  |c 1982 
300 |a 126 s.